ARCHI.pop :meditating architecture in popular culture

সংরক্ষণ করুন:
গ্রন্থ-পঞ্জীর বিবরন
বিন্যাস: গ্রন্থ
ভাষা:ইংরেজি
প্রকাশিত: Bloomsbury Academic 2014
ট্যাগগুলো: ট্যাগ যুক্ত করুন
কোনো ট্যাগ নেই, প্রথমজন হিসাবে ট্যাগ করুন!

MARC

LEADER 00000nam a22000007a 4500
008 210907b ||||| |||| 00| 0 eng d
020 |a 9781472531469 
245 |a ARCHI.pop  |b :meditating architecture in popular culture  |c edited by D. Medina Lasanky  |g x, 233p.:ill. 
250 |c Lasanky, Medina D. 
260 |b Bloomsbury Academic  |c 2014  |h New York  |i 697014  |i 697015  |l NA2543.S6Ar2  |m Architecture and society--United States--History--20th century  |m Architecture and society--United States--History--21st century  |m Design --Social aspects--United States--History--20th century  |m Design --Social aspects--United States--History--21st century  |m Popular culture--United States--History--20th century  |m Popular culture--United States--History--21st century 
500 |a It includes bibliography and index 
942 |a lcc  |c BK  |e Kuteyi, M. A.  |f 7/9/2021 
952 |0 0  |1 0  |2 lcc  |4 0  |6 NA2543 S6 A R2  |7 0  |9 3435  |a HOL  |b HOL  |c LP  |d 2021-09-07  |l 0  |o NA2543.S6Ar2  |p 2021-67142  |r 2021-09-07 00:00:00  |w 2021-09-07  |y BK 
952 |0 0  |1 0  |2 lcc  |4 0  |6 NA2543 S6 A R2  |7 0  |9 3436  |a HOL  |b EDM  |c LP  |d 2021-09-07  |l 0  |o NA2543.S6Ar2  |p 2021-67143  |r 2021-09-07 00:00:00  |w 2021-09-07  |y BK 
999 |c 1712  |d 1712